Radiohead – In Rainbows: Alle Songs - Statistiken

Allgemein
  • Dieses Quiz wurde 7 mal gespielt
  • Das Durchschnittsergebnis liegt bei 7 aus 10
Antwortstatistiken
In Rainbows % Korrekt
Jigsaw falling into place
100%
Reckoner
83%
Weird Fishes/ Arpeggi
83%
15 step
67%
All i need
67%
Bodysnatchers
67%
Faust arp
67%
Nude
67%
Videotape
67%
House of cards
50%
Keine übereinstimmenden Quizze gefunden
Verteilung der Resultate
Anzahl Personen mit jedem Resultat
Perzentil nach korrekt beantworteten Fragen
Ihre Resultats-Entwicklung
Sie haben dieses Quiz noch nicht gespielt